Libro de Eva : poemas /

Furkejuvvon:
Bibliográfalaš dieđut
Váldodahkki: Avilés, Alejandro (autor)
Materiálatiipa: Girji
Giella:espánnjágiella
Almmustuhtton: México : Jus, 1959
Fáddágilkorat: Lasit fáddágilkoriid
Eai fáddágilkorat, Lasit vuosttaš fáddágilkora!

MARC

LEADER 00000nam^a2200000^a^4500
001 000594799
005 20250521000000.0
009 20260310133034.006
037 |a Acervo ITESO - Biblioteca 
041 |a ESP 
091 |a FCR. 01834 
100 |a Avilés, Alejandro  |e (autor) 
245 1 0 |a Libro de Eva :  |b poemas / 
264 1 |a México :  |b Jus,  |c 1959 
300 |a 111 p. 
336 |a texto  |b txt  |2 rdacontenido 
337 |a sin mediación  |b n  |2 rdamedio 
338 |a volumen  |b nc  |2 rdasoporte 
649 |a XX 
910 |a Fondo Cristina Romo Gil 
920 |a Impresos - Libros 
930 |a Fondos Especiales 
940 |a Literatura 
905 |a 143 
901 |a 594799-10  |b IT2  |c ESP  |i D122235  |u 20250521 
902 |a https://opac.biblio.iteso.mx/vufind/Record/000594799